Top Goal Scorers of the Decade by Year - Statistics

General Stats
  • This quiz has been taken 323 times
  • The average score is 28 of 42
Answer Stats
Year Player % Correct
2018, 2017, 2016, 2015, 2014, 2013, 2012, 2011, 2010 Cristiano Ronaldo
100%
2019, 2018, 2017, 2016, 2015, 2014, 2013, 2012, 2011, 2010 Lionel Messi
100%
2019, 2018, 2017, 2016, 2015, 2013, 2012 Robert Lewandowski
97%
2018, 2017 Harry Kane
96%
2019 Kylian Mbappé
96%
2018, 2015 Neymar
94%
2018, 2016, 2015, 2013 Luis Suárez
93%
2018 Mohamed Salah
93%
2019, 2014, 2011 Karim Benzema
92%
2019, 2016, 2014, 2013 Sergio Agüero
90%
2018 Antoine Griezmann
85%
2019 Sadio Mané
85%
2016, 2015, 2014, 2013, 2012 Zlatan Ibrahimović
85%
2019 Jamie Vardy
84%
2017, 2016, 2013, 2012, 2011, 2010 Edinson Cavani
83%
2019, 2017, 2016, 2015 P.-E. Aubameyang
78%
2018, 2017 Ciro Immobile
75%
2012, 2011 Robin van Persie
72%
2015 Thomas Müller
72%
2010 Didier Drogba
68%
2019 Raheem Sterling
68%
2011 Wayne Rooney
67%
2016, 2015, 2010 Gonzalo Higuaín
66%
2019 Timo Werner
64%
2014, 2013 Diego Costa
63%
2010 David Villa
60%
2012 Falcao
60%
2016, 2014 Alexandre Lacazette
57%
2014 Alexis Sánchez
53%
2011 Mario Gómez
52%
2014, 2012, 2011, 2010 Antonio di Natale
51%
2010 Edin Džeko
51%
2012, 2011 Klaas-Jan Huntelaar
47%
2010 Diego Forlán
46%
2019 Wissam Ben Yedder
44%
2010 Carlos Tévez
41%
2012 Diego Milito
41%
2014 Mario Mandžukić
41%
2015 Aritz Aduriz
38%
2013 Álvaro Negredo
26%
2018 Florian Thauvin
23%
2011 Roberto Soldado
18%
No matching quizzes found
Score Distribution
Percent of People with Each Score
Percentile by Number Answered
Your Score History
You have not taken this quiz